Statistiques concernant Culture Générale - Série 1431

Cliquez ici pour prendre le quiz!

Statistiques générales

  • Ce quiz a été pris 43 fois
  • Le résultat moyen est 5 sur 10

Statistiques - réponses

QuestionRéponse% Correct
Quel pays a des frontières communes avec la Belgique et l'Autriche ?Allemagne
95%
De quel pays d'Europe le Suriname est-il devenu indépendant, en 1975 ?Pays-Bas
85%
En solfège, combien une blanche vaut-elle de croches ?4
80%
Quelle est la capitale de la République centrafricaine ?Bangui
63%
Un bordeaux blanc, produit dans la région située entre la Garonne et la Dordogne, est un entre-deux-...mers
58%
Dans quelle capitale européenne trouve-t-on l'Albertina et le palais baroque du Belvédère ?Vienne
45%
Quelle expression latine signifiant : "avant midi", est souvent abrégée en "a.m." ?ante meridiem
40%
Quel mouvement artistique a été baptisé, en février 1916, dans un café de Zurich par Tristan Tzara et ses amis ?dadaïsme
38%
Le compositeur de la musique des films : "Z" et "Zorba le Grec", s'appelle Mikis...Theodorakis
23%
Quel acteur français interprète le rôle de Romain, le dangereux séducteur de "L'Année des méduses" de Christopher Frank ?Bernard Giraudeau
20%

Distribution des résultats

Percentile par nombre de réponses

% des personnes avec chaque résultat

Votre développement - résultats

Vous n’avez pas pris ce quiz